typisch nederlands eten - Statistieken

Algemene statistieken
  • Deze quiz is 157 keer genomen
  • De gemiddelde score is 12 van 16
Antwoordstatistieken
Foto Antwoord % Correct
kaas
97%
stroopwafel
94%
poffertjes
90%
spruitjes
90%
bitterballen
89%
drop
89%
pindakaas
86%
oliebollen
84%
appeltaart
78%
hagelslag
75%
haring
72%
erwtensoep
63%
frikandel speciaal
63%
rookworst
59%
boerenkool
56%
zuurkool
55%
Geen overeenkomende quizzen gevonden
Scoreverdeling
Procent van Mensen met Elke Score
Percentiel versus Aantal Correcte Antwoorden
Uw Scoregeschiedenis
U heeft deze quiz nog niet genomen